Learning lessons from the 2007 floods (Record no. 107756)
[ view plain ]
| 000 -LEADER | |
|---|---|
| fixed length control field | 01445cad a22002295a 4500 |
| 001 - CONTROL NUMBER | |
| control field | L141749 |
| 008 - FIXED-LENGTH DATA ELEMENTS--GENERAL INFORMATION | |
| fixed length control field | 071218s20071217xxkbdo f s f000 0 eng d |
| 035 ## - SYSTEM CONTROL NUMBER | |
| System control number | (Sirsi) u141749 |
| 041 0# - LANGUAGE CODE | |
| Language code of text/sound track or separate title | eng |
| 050 04 - LIBRARY OF CONGRESS CALL NUMBER | |
| Classification number | 627.4 $2 18 |
| 100 1# - MAIN ENTRY--PERSONAL NAME | |
| Personal name | Pitt, Michael |
| Titles and words associated with a name | Sir |
| 240 04 - UNIFORM TITLE | |
| Uniform title | The Pitt review |
| 245 00 - TITLE STATEMENT | |
| Title | Learning lessons from the 2007 floods |
| Remainder of title | an independent review by Sir Michael Pitt, interim report, December 2007 |
| Medium | [electronic resource] |
| 260 ## - PUBLICATION, DISTRIBUTION, ETC. | |
| Place of publication, distribution, etc. | London |
| Name of publisher, distributor, etc. | Cabinet Office |
| Date of publication, distribution, etc. | 2007 |
| 520 ## - SUMMARY, ETC. | |
| Summary, etc. | The interim report by the Pitt Review of the floods of summer 2007 aims to identify issues which require urgent action. It also prescribes the further direction of the review, and provides an opportunity for consultation prior to the final report which is due in summer 2008. Makes 15 urgent recommendations to protect against any flooding in the near future. They are based on flood risk management, groundwater monitoring, planning and response, public information and preparedness. 72 interim conclusions are offered throughout the text, also covering these areas. |
| 521 1# - TARGET AUDIENCE NOTE | |
| Target audience note | Introductory |
| 590 ## - LOCAL NOTE (RLIN) | |
| Local note | KA NTK |
| 651 #4 - SUBJECT ADDED ENTRY--GEOGRAPHIC NAME | |
| Geographic name | United Kingdom |
| Chronological subdivision | |
| 690 ## - LOCAL SUBJECT ADDED ENTRY--TOPICAL TERM (OCLC, RLIN) | |
| Topical term or geographic name as entry element | ENVIRONMENTAL AND LAND CONSULTANCY-WATER RESOURCE MANAGEMENT-FLOODING |
| 856 48 - ELECTRONIC LOCATION AND ACCESS | |
| Uniform Resource Identifier | <a href="https://webarchive.nationalarchives.gov.uk/20080305180559/http://cabinetoffice.gov.uk/thepittreview/interim_report.aspx">https://webarchive.nationalarchives.gov.uk/20080305180559/http://cabinetoffice.gov.uk/thepittreview/interim_report.aspx</a> |
| Public note | View the report free of charge at www.cabinetoffice.gov.uk... |
| 942 ## - ADDED ENTRY ELEMENTS (KOHA) | |
| Suppress in OPAC | 0 |
| Withdrawn status | Lost status | Source of classification or shelving scheme | Damaged status | Not for loan | Home library | Current library | Shelving location | Date acquired | Total Checkouts | Full call number | Barcode | Date last seen | Copy number | Price effective from | Koha item type |
|---|---|---|---|---|---|---|---|---|---|---|---|---|---|---|---|
| Dewey Decimal Classification | Virtual | Virtual | Online | 18/12/2007 | ONLINE PUBLICATION | 141749-1001 | 06/08/2019 | 1 | 06/08/2019 | Book |